000 00407nam a2200181Ia 4500
005 20250423095358.0
008 250422s9999 xx 000 0 und d
020 _a0-9945500799
050 _aPS 3557 .A296 F57/
100 _aGaffney, Patricia
245 0 _aFlight lessons
260 _aNew York
260 _bHarperToch
260 _c2002
300 _a449 p
650 _aLiterature
942 _cBK
999 _c30099
_d30099